zpět

Detail výsledku týmu

Pivnice Šenk, Český Brod

Datum a čas kvízu

27.5 Celkem bodů Celkový počet nahraných bodů na tomto kvízu bez doplňovacích otázek.
2. Pořadí na kvízu Konečné umístění týmu na tomto kvízu.

Zaznamenané odpovědi

# Otázka Odpověď Body Výsledky
1. Liberecká pizzerie Pizzaman př... (dubajská) čokoláda 0
2. Minulý týden jsme se dozvěděli... pilot si zapomněl cestovní pas 1
3. Minulý týden byla odtajněna jm... Červený trpaslík, Kocour 0.5
4. V loterii Eurojackpot padla je... ze Švédska 0
5. Minulý týden byly zveřejněny v... (lední) hokej, David Pastrňák 0.5
6. Grónsko sice není zcela suveré... .gl 0
7. Pokud byste chtěli okusit jedn... A 1
8. Že je Grónsko největším ostrov... C 1
9. Které tvrzení o Grónsku je pra... D 1
10. Pod kterým písmenem je snímek... A 0